| 000 | 01223nam0a22002651 4500 | ||
|---|---|---|---|
| 001 | rc\2156576 | ||
| 005 | 20260412042031.0 | ||
| 035 | _a(NLR Aleph) 006637843 | ||
| 090 |
_a7618250 _c7618250 |
||
| 100 | _a20110829d1978 |||y0rusy50 ca | ||
| 101 | 0 | _arus | |
| 102 | _aRU | ||
| 105 | _aa z ||||| | ||
| 200 | 1 |
_aСотрудничество социалистических стран в условиях социалистической экономической интеграции _e[Сб. статей] _fАН СССР, Ин-т экономики мировой соц. системы _g[Редкол.: д. э. н. Петров А.И. (отв. ред.) и др.] |
|
| 210 |
_aМосква _cИЭ МСС _d1978 |
||
| 215 |
_a188 с. _cсхем. _d21 |
||
| 702 | 1 |
_aПетров _bА.И. _gАлександр Ильич _4340 |
|
| 712 | 0 | 2 |
_aМеждународный институт экономических проблем мировой социалистической системы _cМосква _9390608 _3RU\NLR\AUTH\889947486 |
| 801 | 0 |
_aRU _bNLR _gpsbo |
|
| 801 | 1 |
_aRU _bELAR _2rusmarc |
|
| 852 |
_aNLR _j79-3/6821 |
||
| 899 |
_aRuMoRGB _jБ 79-22/17 |
||
| 899 |
_aRuMoRGB _jБ 79-22/18 |
||
| 942 | _cBOOK | ||
| 980 | _aNB | ||